ბათუმის შოთა რუსთაველის სახელმწიფო უნივერსიტეტის ბიბლიოთეკა

Непрерывные группы / (ბიბ.ჩანაწერი № 36822)

000 -LEADER
fixed length control field 00609nam a2200193Ia 4500
001 - CONTROL NUMBER
control field 2765
003 - CONTROL NUMBER IDENTIFIER
control field GE_BSU
005 - DATE AND TIME OF LATEST TRANSACTION
control field 20230406161413.0
008 - FIXED-LENGTH DATA ELEMENTS--GENERAL INFORMATION
fixed length control field 181216s1954||||ru |||||||||||||| ||rus||
040 ## - CATALOGING SOURCE
Transcribing agency GE_BSU
080 ## - UNIVERSAL DECIMAL CLASSIFICATION NUMBER
Universal Decimal Classification number 512+515.1 П-64
100 ## - MAIN ENTRY--PERSONAL NAME
Personal name Понтрягин, Л.С.
9 (RLIN) 17528
245 ## - TITLE STATEMENT
Title Непрерывные группы /
Statement of responsibility, etc. Л.С. Понтрягин.
250 ## - EDITION STATEMENT
Edition statement Изд.2-е, перер. и доп.
264 ## - PRODUCTION, PUBLICATION, DISTRIBUTION, MANUFACTURE, AND COPYRIGHT NOTICE
Place of production, publication, distribution, manufacture Москва :
Name of producer, publisher, distributor, manufacturer Гостехиздат,
Date of production, publication, distribution, manufacture, or copyright notice 1954.
300 ## - PHYSICAL DESCRIPTION
Extent 515 стр.;
Other physical details 22см.
653 ## - INDEX TERM--UNCONTROLLED
keyword უმაღლესი მატემატიკა
942 ## - ADDED ENTRY ELEMENTS (KOHA)
Koha item type წიგნი
Source of classification or shelving scheme
ეგზემპლარები
Withdrawn status Lost status Source of classification or shelving scheme Damaged status Not for loan Permanent Location Current Location Shelving location Date acquired Cost, normal purchase price Full call number Barcode Date last seen Copy number Price effective from Koha item type Public note
          ბათუმის შოთა რუსთაველის სახელმწიფო უნივერსიტეტის მთავარი ბიბლიოთეკა ბათუმის შოთა რუსთაველის სახელმწიფო უნივერსიტეტის მთავარი ბიბლიოთეკა წიგნსაცავი 2018-12-17 20.00 512+515.1 П-64 3486 2018-12-17 3486 2018-12-17 წიგნი 20 ლ.